000 00615pab a2200205 454500
008 180718b2004 xxu||||| |||| 00| 0 eng d
100 _aHossain, M.A.
245 _aTrade liberalisation and technical efficiency: evidence from Bangladesh manufacturing industries
260 _c2004
300 _ap.87-114.
362 _aFeb
650 _aLiberalization - Bangladesh
650 _aTrade
650 _aBangladesh - Commerce
650 _aManufacturing industry - Bangladesh
650 _aManufacturing industry
700 _aKarunaratne, N.D.
773 _aJournal of Development Studies
909 _a60772
999 _c60772
_d60772